000 00370nam a2200145Ia 4500
005 20250729165804.0
008 250729s2007 xx 000 0 und d
041 _aeng
082 _a299.936 HUBH
100 _aHubbard L Ron
_9233041
245 _aHandbook for Preclears
260 _aDenmark
_bNew Era Publication
_c2007
300 _a435p
650 _aReligion
_9233042
999 _c240083
_d240083